000 00722pam a2200229 a 4500
001 3015106
005 20171222070018.0
008 940524s1995 njuab b 001 0 eng
010 _a 94025897
020 _a0133122573
040 _aDLC
_cDLC
_dDLC
041 _aeng
080 _a909
082 0 0 _a909 STA
_220
100 1 _a17
101 _aHIS
245 1 2 _aA global history :
_cL.S. Stavrianos.
504 _aIncludes bibliographical references (p. 721-727) and index.
906 _a7
_bcbc
_corignew
_d1
_eocip
_f19
_gy-gencatlg
942 _2ddc
_cBK
999 _c39328
_d39328